00775nam a22001937a 4500003000400000005001700004008004100021040000800062080001200070100013300082245014700215260007300362300001100435500002600446650001800472650006400490942001200554999001500566BPK20160229125108.0160229b1970 pl ||||| |||| 00| 0 pol  cBPK a929-051 aGŁOWACKI, Zbigniew.d1970-1973 ; 1981-1982.bWyższa Szkoła Inżynierska w Koszalinie - Studium Nauk Społeczno-Politycznych aLata pionierskiego trudu. Wybór wspomnień mieszkańców Ziemi Koszlińskiej /cwybór i oprac. Zbigniew Głowacki i Józef Narkowicz. aKoszalin :bKoszalińskie Towarzystwo Społeczno-Kulturalne,c1970. a373 s. aDane z kartoteki bpp. aPamiętniki. aKoszalin (woj. zachodniopomorskie ; okręg) - ludność. cKS2UKD c7396d7396